Library Banner

عبرت کدہ سندھ (Record no. 70584)

MARC details
000 -LEADER
fixed length control field 00368nam a22001337a 4500
005 - DATE AND TIME OF LATEST TRANSACTION
control field 20150429093428.0
008 - FIXED-LENGTH DATA ELEMENTS--GENERAL INFORMATION
fixed length control field 150429b xxu||||| |||| 00| 0 eng d
040 ## - CATALOGING SOURCE
Transcribing agency PK-LaUMT
082 ## - DEWEY DECIMAL CLASSIFICATION NUMBER
Classification number KHC 954.918
Item number EBR-
245 ## - TITLE STATEMENT
Title عبرت کدہ سندھ
Statement of responsibility, etc محمد رمضان (مترجم
260 ## - PUBLICATION, DISTRIBUTION, ETC. (IMPRINT)
Place of publication, distribution, etc کراچی
Name of publisher, distributor, etc نفیس اکیڈمی
Date of publication, distribution, etc 1967
300 ## - PHYSICAL DESCRIPTION
Extent 398 ص
942 ## - ADDED ENTRY ELEMENTS (KOHA)
Koha item type Books
Holdings
Withdrawn status Lost status Damaged status Home library Current library Date acquired Full call number Barcode Date last seen Price effective from Koha item type
      UMT Main Campus UMT Main Campus 2015-04-29 KHC 954.918 EBR- 67835 2015-04-29 2015-04-29 Books